header

Cloud essentials (Record no. 28140)

MARC details
000 -LEADER
fixed length control field 01438nam a2200349 a 4500
082 04 - DEWEY DECIMAL CLASSIFICATION NUMBER
Classification number 004.6782
100 1# - MAIN ENTRY--AUTHOR NAME
Personal name Hausman, Kalani Kirk.
245 10 - TITLE STATEMENT
Title Cloud essentials
260 ## - PUBLICATION, DISTRIBUTION, ETC. (IMPRINT)
Place of publication Indianapolis, Ind. :
Name of publisher Sybex,
Year of publication c2013.
300 ## - PHYSICAL DESCRIPTION
Number of Pages 1 online resource (xx, 268 p.) :
Other physical details ill. (some col.)
500 ## - GENERAL NOTE
General note Includes index.
650 #0 - SUBJECT ADDED ENTRY--TOPICAL TERM
Topical Term Cloud computing
700 1# - ADDED ENTRY--PERSONAL NAME
Personal name Cook, Susan L.
Personal name Sampaio, Telmo.
856 40 - ELECTRONIC LOCATION AND ACCESS
Uniform Resource Identifier http://site.ebrary.com/lib/rucke/Doc?id=10719122
588 ## -
-- Description based on online resource; title from title page (ebrary, viewed June 28, 2013).

No items available.

© 2026 Rongo University
Contact us: librarian | system librarian | Rongo university